000
00293nam a22001337a 4500
020
_a
978-8170999867
041
_a
ENG
100
_a
Pandey.B.W
245
_a
Natural Resource Management
260
_a
New Delhi
_b
Mittal Pub
_c
2005
300
_a
465
650
_a
SWCE
856
_u
SWCE ( 06 )
999
_c
1876
_d
1876